000 02503cam a2200241 4500500
005 20260208003555.0
041 _afre
042 _adc
100 1 0 _aBonal, Elsa
_eauthor
245 0 0 _aUne thérapie sociale pour agir ensemble : l'intelligence collective comme processus de coopération
260 _c2011.
500 _a63
520 _aRésuméCette communication rend compte d’une intervention mettant en œuvre la thérapie sociale® de Charles Rojzman au sein d’une banlieue du sud de la France. L’objectif de l’action était de générer une nouvelle mobilisation des habitants et des professionnels au profit des jeunes de ce quartier.L’intelligence collective est le résultat d’un processus de coopération. Il s’agit de faire tenir ensemble des savoirs et ceux qui les produisent. Si la finalité est de construire une capacité de dialogue entre les participants, ceux-ci sont envisagés comme des sujets, donc des êtres humains constitués de volontés contradictoires, d’inertie involontaire et de résistances. Et le groupe, rencontre plus ou moins effective entre des sujets, est fait de cette même matière incohérente, antagoniste et trouble.
520 _aSocial therapy method to work together : collective intelligence and cooperative processThis paper describes an intervention in the heart of a southern French suburb and the implementation of Charles Rojzman’s social therapy method®. The objective of the action was to stimulate and mobilise locals and professionals to the benefit of youth living in the area. Collective intelligence is the result of a cooperative process. It is about bringing together knowledge, understanding and those responsible for it. Whilst the goal is to build a capacity for dialogue between participants, the participants themselves can be considered as subjects, human beings of conflicting will, involuntary inertia and resistance. And the group, being a coming together of these subjects, may therefore reflect such traits as inconsistency, antagonism and disorder.
690 _adialogue conflictuel
690 _aintelligence collective
690 _athérapie sociale
690 _acollective intelligence
690 _aconflict resolution
690 _asocial therapy method
786 0 _nNouvelle revue de psychosociologie | 12 | 2 | 2011-11-01 | p. 155-169 | 1951-9532
856 4 1 _uhttps://shs.cairn.info/revue-nouvelle-revue-de-psychosociologie-2011-2-page-155?lang=fr&redirect-ssocas=7080
999 _c1648310
_d1648310